Budovanie environmentálneho manažérskeho systému v spoločnosti TEKO, a.s. Košice

Pojem EMS (Environmentálny manažérsky systém). Budovanie EMS. Dôvody pre zavádzanie EMS. Štandardy pre zavedenie EMS.

Gespeichert in:
Bibliographische Detailangaben
1. Verfasser: Urblíková, Daniela
Format: Buchkapitel
Sprache:Slowakisch
Schlagworte:
Tags: Tag hinzufügen
Keine Tags, Fügen Sie das erste Tag hinzu!

MARC

LEADER 00000naa$a2200000$$$4500
001 0063949
005 20240502071738.6
041 0 |a slo 
044 |a SK 
245 1 0 |a Budovanie environmentálneho manažérskeho systému v spoločnosti TEKO, a.s. Košice  |c Daniela Urblíková 
520 |a Pojem EMS (Environmentálny manažérsky systém). Budovanie EMS. Dôvody pre zavádzanie EMS. Štandardy pre zavedenie EMS. 
610 2 0 |a riadenie 
610 2 0 |a environmentalistika 
610 2 0 |a prostredie životné 
610 2 0 |a technológie informačné 
610 2 0 |a technológie komunikačné 
610 2 0 |a štandardy 
610 2 0 |a manažment environmentálny 
100 1 |a Urblíková, Daniela